[Event "6MCRV_F"]
[Site "?"]
[Date "2006.??.??"]
[Round "?"]
[White "Kuchta, Jiri"]
[Black "Pytlik, Lesek"]
[Result "0-1"]
[WhiteElo "2240"]
[BlackElo "2403"]
[PlyCount "52"]
[EventDate "2006.??.??"]
[EventType "corr"]
[SourceDate "2006.09.12"]

1. Nf3 Nf6 2. d4 c5 3. c4 cxd4 4. Nxd4 e5 5. Nb5 d5 6. cxd5 Bb4+ 7. N1c3 O-O 8.
Bg5 Qxd5 9. e3 Qc6 10. Bxf6 Bxc3+ 11. bxc3 gxf6 12. c4 Na6 13. Bd3 Nb4 14.
Bxh7+ Kxh7 15. Qb1+ f5 16. Qxb4 Rg8 17. Rg1 Be6 18. g3 Rad8 19. Nc3 Rg4 20. Qa5
Rd3 21. Qxe5 Rxc4 22. Ne2 Rc2 23. Qf4 Rdd2 24. Qh4+ Kg6 25. Nf4+ Kg7 26. Nxe6+
fxe6 0-1

[Event "6MCRV_F"]
[Site "?"]
[Date "2006.??.??"]
[Round "?"]
[White "Bucek, Jiri"]
[Black "Schwarz, Jan"]
[Result "1/2-1/2"]
[WhiteElo "2354"]
[BlackElo "2286"]
[PlyCount "89"]
[EventDate "2006.??.??"]
[EventType "corr"]
[SourceDate "2006.09.12"]

1. e4 e5 2. Nf3 Nc6 3. d4 exd4 4. Nxd4 Bc5 5. Nb3 Bb6 6. Nc3 d6 7. Qe2 Nge7 8.
Bg5 Be6 9. h4 O-O 10. O-O-O Qd7 11. h5 h6 12. Bh4 Rae8 13. Na4 Bxb3 14. axb3
Kh8 15. Rh3 f5 16. e5 Ng8 17. f4 Qc8 18. Nxb6 axb6 19. Re3 dxe5 20. fxe5 Qe6
21. Re1 Ra8 22. Kb1 f4 23. Re4 Ra5 24. b4 Qa2+ 25. Kc1 Qa1+ 26. Kd2 Rd5+ 27.
Kc3 Qa4 28. Qc4 Nce7 29. Bd3 b5 30. Qb3 Qa8 31. Kd2 Qe8 32. Rh1 c6 33. Qc3 Nf5
34. Rxf4 Nxh4 35. Rhxh4 Rxf4 36. Rxf4 Qxh5 37. Re4 Qg5+ 38. Kd1 Qxg2 39. Kc1
Qg5+ 40. Kb1 Qg1+ 41. Re1 Qd4 42. Qxd4 Rxd4 43. Rf1 Rd8 44. Rf7 Re8 45. Rxb7
1/2-1/2

[Event "6MCRV_F"]
[Site "?"]
[Date "2006.??.??"]
[Round "?"]
[White "Pecka, Josef"]
[Black "Pytlik, Lesek"]
[Result "1/2-1/2"]
[WhiteElo "2261"]
[BlackElo "2403"]
[PlyCount "65"]
[EventDate "2006.??.??"]
[EventType "corr"]
[SourceDate "2006.09.12"]

1. e4 e6 2. d4 d5 3. Nd2 c5 4. Ngf3 Nc6 5. exd5 exd5 6. Bb5 Bd6 7. dxc5 Qe7+ 8.
Qe2 Bxc5 9. Ne5 Bd7 10. Nxd7 Kxd7 11. Nb3 Qxe2+ 12. Bxe2 Bd6 13. Be3 f5 14.
O-O-O Nf6 15. Nc5+ Bxc5 16. Bxc5 Rhe8 17. Bc4 b6 18. Ba3 d4 19. c3 Ne4 20. Rhf1
Nd6 21. Bd3 Re5 22. cxd4 Rd5 23. b3 Re8 24. Kb1 g6 25. f3 Re3 26. Bc1 Re8 27.
Bb2 Nb4 28. Bc4 Ra5 29. a3 Nxc4 30. bxc4 Nc6 31. g4 Ra4 32. gxf5 gxf5 33. Rg1
1/2-1/2

[Event "6MCRV_F"]
[Site "?"]
[Date "2006.??.??"]
[Round "?"]
[White "Hladecek, Miloslav"]
[Black "Brousek, Jiri"]
[Result "1-0"]
[WhiteElo "2306"]
[BlackElo "2313"]
[PlyCount "49"]
[EventDate "2006.??.??"]
[EventType "corr"]
[SourceDate "2006.09.12"]

1. e4 e6 2. d4 d5 3. Nc3 Nf6 4. e5 Nfd7 5. f4 c5 6. Nf3 Nc6 7. Be3 cxd4 8. Nxd4
Bc5 9. Qd2 O-O 10. Be2 a6 11. O-O Nxd4 12. Bxd4 Qb6 13. Bxc5 Qxc5+ 14. Kh1 b5
15. Bd3 Nb6 16. Rf3 f5 17. Ne2 Bd7 18. c3 a5 19. Nd4 b4 20. Rg1 Nc4 21. Qf2
bxc3 22. bxc3 g6 23. g4 Ra6 24. gxf5 exf5 25. h4 1-0

[Event "6MCRV_F"]
[Site "?"]
[Date "2006.??.??"]
[Round "?"]
[White "Trs, Jan"]
[Black "Novak, Vratislav"]
[Result "1/2-1/2"]
[WhiteElo "2252"]
[BlackElo "2267"]
[PlyCount "38"]
[EventDate "2006.??.??"]
[EventType "corr"]
[SourceDate "2006.09.12"]

1. c4 e6 2. d4 Nf6 3. Nf3 b6 4. g3 Ba6 5. b3 Bb4+ 6. Bd2 Bxd2+ 7. Qxd2 d5 8.
Bg2 O-O 9. Nc3 c6 10. Ne5 Nfd7 11. Nxd7 Nxd7 12. O-O Nf6 13. cxd5 cxd5 14. Rfc1
Rc8 15. Rc2 Qd6 16. Rac1 Rc7 17. Nb1 Rxc2 18. Rxc2 Rc8 19. h3 Rxc2 1/2-1/2

[Event "6MCRV_F"]
[Site "?"]
[Date "2006.??.??"]
[Round "?"]
[White "Kostal, Jindrich"]
[Black "Kuchta, Jiri"]
[Result "1-0"]
[WhiteElo "2391"]
[BlackElo "2240"]
[PlyCount "53"]
[EventDate "2006.??.??"]
[EventType "corr"]
[SourceDate "2006.09.12"]

1. e4 d5 2. exd5 Nf6 3. d4 Nxd5 4. c4 Nf6 5. Nf3 e6 6. Nc3 Bd6 7. Bd3 Nc6 8.
O-O O-O 9. Re1 Re8 10. a3 h6 11. Bc2 Bf8 12. Bf4 g5 13. Bg3 Nh5 14. Qd3 Bg7 15.
Rad1 Nxg3 16. Qh7+ Kf8 17. fxg3 f5 18. d5 exd5 19. Nxd5 Rxe1+ 20. Rxe1 Qd7 21.
Kh1 Qf7 22. b4 Be6 23. Nxc7 Qxc7 24. Rxe6 Qf7 25. Bxf5 Rd8 26. h3 Nd4 27. Nxd4
1-0

[Event "6MCRV_F"]
[Site "?"]
[Date "2006.??.??"]
[Round "?"]
[White "Kuta, Jiri"]
[Black "Bucek, Jiri"]
[Result "0-1"]
[WhiteElo "2308"]
[BlackElo "2354"]
[PlyCount "93"]
[EventDate "2006.??.??"]
[EventType "corr"]
[SourceDate "2006.09.12"]

1. e4 c5 2. Nf3 d6 3. d4 cxd4 4. Nxd4 Nf6 5. Nc3 a6 6. Be3 e6 7. f3 b5 8. g4 h6
9. Qd2 b4 10. Nce2 e5 11. Nb3 Nc6 12. c4 Be6 13. Ng3 a5 14. Be2 a4 15. Nc1 h5
16. g5 h4 17. Nf5 Ng8 18. Bf2 g6 19. Nxh4 Be7 20. Rg1 Nd4 21. Bd1 Bxc4 22. Bxd4
Rxh4 23. Be3 d5 24. exd5 Qxd5 25. Rg4 Rh5 26. Qxd5 Bxd5 27. Rg2 a3 28. b3 Rd8
29. Be2 Rh3 30. Rf2 e4 31. Bf1 Rh4 32. Bb5+ Kf8 33. f4 Bd6 34. Ne2 Ne7 35. Ng3
Rc8 36. Rc1 Rxc1+ 37. Bxc1 Bc5 38. Re2 e3 39. Bxe3 Bxe3 40. Rxe3 Rxh2 41. Ne2
Be6 42. Rd3 Nd5 43. Bc4 Rxe2+ 44. Kxe2 Nxf4+ 45. Kd2 Nxd3 46. Kxd3 Ke7 47. Kd4
0-1

[Event "6MCRV_F"]
[Site "?"]
[Date "2006.??.??"]
[Round "?"]
[White "Kostal, Jindrich"]
[Black "Pecka, Josef"]
[Result "1/2-1/2"]
[WhiteElo "2391"]
[BlackElo "2261"]
[PlyCount "86"]
[EventDate "2006.??.??"]
[EventType "corr"]
[SourceDate "2006.09.12"]

1. e4 e6 2. d4 d5 3. Nd2 Nf6 4. e5 Nfd7 5. Bd3 c5 6. c3 Nc6 7. Ne2 cxd4 8. cxd4
f6 9. exf6 Nxf6 10. Nf3 Bd6 11. O-O O-O 12. Nc3 Bd7 13. Be3 Be8 14. Ng5 Qe7 15.
f4 Rc8 16. Qe1 Nb4 17. Bb1 Nc6 18. Qh4 h6 19. Nf3 Bb4 20. Bd3 Bxc3 21. bxc3 Ne4
22. Qxe7 Nxe7 23. c4 Nf5 24. Rae1 Nxe3 25. Rxe3 Rxf4 26. g3 Rf6 27. Bxe4 dxe4
28. Ne5 Bc6 29. h3 a6 30. a3 Rxf1+ 31. Kxf1 b5 32. c5 Bd5 33. Re2 a5 34. Rb2
Rb8 35. Nd7 Rb7 36. Ne5 b4 37. axb4 axb4 38. c6 Rb8 39. c7 Rc8 40. Rxb4 Rxc7
41. h4 h5 42. Rb8+ Kh7 43. Rb2 Rc1+ 1/2-1/2

[Event "6MCRV_F"]
[Site "?"]
[Date "2006.??.??"]
[Round "?"]
[White "Novak, Vratislav"]
[Black "Kostal, Jindrich"]
[Result "1/2-1/2"]
[WhiteElo "2267"]
[BlackElo "2391"]
[PlyCount "91"]
[EventDate "2006.??.??"]
[EventType "corr"]
[SourceDate "2006.09.12"]

1. e4 e5 2. Nf3 Nc6 3. Bb5 a6 4. Ba4 Nf6 5. O-O Be7 6. Re1 b5 7. Bb3 O-O 8. c3
d5 9. exd5 Nxd5 10. Nxe5 Nxe5 11. Rxe5 c6 12. d4 Bd6 13. Re1 Qh4 14. g3 Qh3 15.
Be3 Bg4 16. Qd3 Rae8 17. Nd2 Re6 18. a4 f5 19. axb5 f4 20. Bxf4 Bxf4 21. Rxe6
Bxe6 22. bxa6 Bxd2 23. a7 Ra8 24. Qxd2 Bf7 25. Qe2 Qd7 26. Qa6 h6 27. Bc2 Qc7
28. Bf5 Nb6 29. Qa5 g6 30. Be4 Qb7 31. b4 Bd5 32. Qa6 Qc7 33. Bxg6 Nc8 34. Qe2
Rxa7 35. Qe8+ Kg7 36. Rxa7 Qxa7 37. Be4 Bxe4 38. Qxe4 Qd7 39. Qe5+ Kf7 40. Qf4+
Kg6 41. Qe3 Nd6 42. f3 h5 43. Qe5 Nb5 44. Qe4+ Kf6 45. Qe5+ Kg6 46. Qe4+
1/2-1/2

[Event "6MCRV_F"]
[Site "?"]
[Date "2006.??.??"]
[Round "?"]
[White "Novak, Vratislav"]
[Black "Schwarz, Jan"]
[Result "1-0"]
[WhiteElo "2267"]
[BlackElo "2286"]
[PlyCount "110"]
[EventDate "2006.??.??"]
[EventType "corr"]
[SourceDate "2006.09.12"]

1. e4 c5 2. b3 Nc6 3. Bb2 e5 4. Bc4 Nf6 5. Nc3 Nxe4 6. Nxe4 d5 7. Bd3 dxe4 8.
Bxe4 Bd6 9. Nf3 Bd7 10. Qe2 f6 11. O-O Qc7 12. d4 cxd4 13. Nxd4 Nxd4 14. Bxd4
O-O 15. Bd5+ Kh8 16. Be3 Rad8 17. Rad1 Bc6 18. Bxc6 bxc6 19. Qa6 Ra8 20. Rd2 e4
21. g3 f5 22. Rfd1 Rf6 23. Qc4 Re8 24. Bd4 Rg6 25. Bc5 Bxc5 26. Qxc5 f4 27. Rd7
Qc8 28. Qxa7 e3 29. fxe3 fxe3 30. a4 h6 31. Re1 Re4 32. Rf7 Kg8 33. Qd7 Qb8 34.
Re2 Re8 35. Kg2 Qa8 36. Re7 c5+ 37. Qb7 Qxb7+ 38. Rxb7 Ra6 39. Rb5 Re5 40. a5
Kf7 41. b4 Ke7 42. c3 Kd8 43. Kf1 Kd7 44. Rb2 Kc6 45. c4 Rf5+ 46. Ke1 Rg5 47.
Ke2 cxb4 48. Rxg5 hxg5 49. Rxb4 Rxa5 50. Rb5 Ra7 51. Kxe3 g4 52. Rg5 Kd6 53.
Rxg4 Kc5 54. h4 Rf7 55. h5 Rd7 1-0

[Event "6MCRV_F"]
[Site "?"]
[Date "2006.??.??"]
[Round "?"]
[White "Brousek, Jiri"]
[Black "Kostal, Jindrich"]
[Result "1-0"]
[WhiteElo "2313"]
[BlackElo "2391"]
[PlyCount "79"]
[EventDate "2006.??.??"]
[EventType "corr"]
[SourceDate "2006.09.12"]

1. d4 Nf6 2. Nf3 d5 3. e3 e6 4. Bd3 c5 5. b3 Be7 6. O-O O-O 7. Bb2 Nc6 8. Nbd2
cxd4 9. exd4 Nh5 10. g3 Nf6 11. a3 Qb6 12. c4 dxc4 13. Nxc4 Qd8 14. Qc2 Bd7 15.
Rad1 h6 16. b4 Rc8 17. Qb3 Qc7 18. Rfe1 Rfd8 19. Ne3 Bd6 20. Bb1 Ne7 21. d5
Nexd5 22. Rxd5 Be7 23. Qd3 g6 24. Be5 Qc6 25. Nd4 Qb6 26. Ra5 Be8 27. Nc4 Rxc4
28. Qxc4 Ng4 29. Re4 Nxe5 30. Raxe5 Bf6 31. Rc5 Bg7 32. Bc2 Bd7 33. Rc7 a6 34.
Bb3 Bf6 35. Qc5 Qxc5 36. bxc5 Be8 37. Nxe6 fxe6 38. Rxe6 Bf7 39. Rxf6 Bxb3 40.
Rxg6+ 1-0

[Event "6MCRV_F"]
[Site "?"]
[Date "2006.??.??"]
[Round "?"]
[White "Valak, Alois"]
[Black "Pecka, Josef"]
[Result "1-0"]
[WhiteElo "2354"]
[BlackElo "2261"]
[PlyCount "105"]
[EventDate "2006.??.??"]
[EventType "corr"]
[SourceDate "2006.09.12"]

1. e4 e5 2. Nf3 Nc6 3. d4 exd4 4. Nxd4 Bc5 5. Be3 Qf6 6. c3 Nge7 7. Bc4 Ne5 8.
Be2 O-O 9. O-O d5 10. f4 N5c6 11. e5 Qh4 12. Qd2 Nxd4 13. cxd4 Bb6 14. Nc3 c6
15. Na4 Bc7 16. b4 f6 17. b5 Bg4 18. bxc6 bxc6 19. Bf2 Qh5 20. Rae1 Bxe2 21.
Qxe2 Qxe2 22. Rxe2 fxe5 23. fxe5 Bb6 24. Rc1 h5 25. h3 Rxf2 26. Kxf2 Bxd4+ 27.
Ke1 Rc8 28. Kd2 c5 29. Nc3 Rb8 30. Kd3 a6 31. Rf1 Rb6 32. Rf4 Rb8 33. g3 Rb6
34. g4 Rb4 35. Rf1 hxg4 36. hxg4 Rb6 37. Kc2 Rg6 38. Rb1 Re6 39. Rb7 Kf8 40.
Rd7 Ke8 41. Rd6 Kf7 42. g5 c4 43. Re1 Nf5 44. g6+ Rxg6 45. Rxg6 Bxc3 46. Reg1
Bxe5 47. Rxa6 Bf6 48. a4 Nd4+ 49. Kd1 Ke7 50. a5 Kd7 51. Ra7+ Kc6 52. Rg6 Kb5
53. a6 1-0

[Event "6MCRV_F"]
[Site "?"]
[Date "2006.??.??"]
[Round "?"]
[White "Schwarz, Jan"]
[Black "Kostal, Jindrich"]
[Result "1/2-1/2"]
[WhiteElo "2286"]
[BlackElo "2391"]
[PlyCount "89"]
[EventDate "2006.??.??"]
[EventType "corr"]
[SourceDate "2006.09.12"]

1. e4 e5 2. Nf3 Nc6 3. Bb5 a6 4. Ba4 Nf6 5. O-O Be7 6. Re1 b5 7. Bb3 O-O 8. c3
d5 9. exd5 Nxd5 10. Nxe5 Nxe5 11. Rxe5 c6 12. d4 Bd6 13. Re1 Qh4 14. g3 Qh3 15.
Be3 Bg4 16. Qd3 Rae8 17. Nd2 Re6 18. a4 Qh5 19. axb5 axb5 20. Nf1 Bf5 21. Qd2
Rfe8 22. Bxd5 cxd5 23. Qe2 Qxe2 24. Rxe2 Bd3 25. Rd2 Bc4 26. Rdd1 f5 27. Ra7 h6
28. h4 R8e7 29. Rda1 Kf7 30. h5 Rxa7 31. Rxa7+ Re7 32. Ra6 Re6 33. Kg2 Be2 34.
Rb6 b4 35. cxb4 Bxh5 36. Bd2 g5 37. Ne3 f4 38. Rb7+ Kg6 39. g4 fxe3 40. gxh5+
Kxh5 41. Bxe3 Bf4 42. Bxf4 gxf4 43. Rb5 Kg4 44. f3+ Kh4 45. Kf2 1/2-1/2

[Event "6MCRV_F"]
[Site "?"]
[Date "2006.??.??"]
[Round "?"]
[White "Valak, Alois"]
[Black "Kuta, Jiri"]
[Result "1/2-1/2"]
[WhiteElo "2354"]
[BlackElo "2288"]
[PlyCount "88"]
[EventDate "2006.??.??"]
[EventType "corr"]
[SourceDate "2006.09.12"]

1. e4 e5 2. Nf3 Nc6 3. d4 exd4 4. Nxd4 Bc5 5. Be3 Qf6 6. c3 Nge7 7. Bc4 b6 8.
O-O Bb7 9. Nb5 O-O-O 10. Bxc5 bxc5 11. Nd2 a6 12. Na3 d5 13. exd5 Ne5 14. f4
Nxc4 15. Naxc4 Bxd5 16. Qg4+ Qf5 17. Qg3 Qg6 18. Qh3+ Kb8 19. Rf2 Rhe8 20. Re1
f6 21. b3 Nc8 22. Rxe8 Rxe8 23. Ne3 Bc6 24. Nef1 Nd6 25. f5 Qh6 26. Qxh6 gxh6
27. Ng3 Re1+ 28. Rf1 Re3 29. c4 Kb7 30. Rf4 Re1+ 31. Kf2 Ra1 32. a4 Ra2 33. Ke3
Bxg2 34. Rh4 Nf7 35. Nge4 Bxe4 36. Nxe4 Rb2 37. Nxc5+ Kc6 38. Kd4 a5 39. Rh5
Rd2+ 40. Kc3 Re2 41. Ne6 Kd6 42. b4 Re4 43. bxa5 c5 44. a6 Re3+ 1/2-1/2

[Event "6MCRV_F"]
[Site "?"]
[Date "2006.??.??"]
[Round "?"]
[White "Schwarz, Jan"]
[Black "Pecka, Josef"]
[Result "1/2-1/2"]
[WhiteElo "2286"]
[BlackElo "2261"]
[PlyCount "79"]
[EventDate "2006.??.??"]
[EventType "corr"]
[SourceDate "2006.09.12"]

1. c4 e5 2. Nc3 Nf6 3. Nf3 Nc6 4. g3 Bb4 5. Nd5 Nxd5 6. cxd5 Nd4 7. Nxd4 exd4
8. Qc2 Qe7 9. Bg2 Bc5 10. O-O O-O 11. e3 d6 12. b3 dxe3 13. fxe3 Bd7 14. Bb2 f5
15. Rf4 Rf7 16. Raf1 Qg5 17. b4 Bb6 18. a4 a5 19. b5 Rc8 20. Rc4 Qe7 21. Bd4
Rff8 22. Qb2 h5 23. Rfc1 g5 24. Kh1 Qd8 25. Bxb6 cxb6 26. Rxc8 Bxc8 27. Qd4 Bd7
28. Bf1 Re8 29. d3 Rf8 30. Bg2 Rf7 31. Rf1 Bc8 32. Kg1 Bd7 33. Bf3 h4 34. Bh5
Rf6 35. g4 Rf8 36. gxf5 Bxf5 37. Be2 Bh3 38. Rxf8+ Qxf8 39. Qxb6 Qf6 40. Qxa5
1/2-1/2

[Event "6MCRV_F"]
[Site "?"]
[Date "2006.??.??"]
[Round "?"]
[White "Pytlik, Lesek"]
[Black "Brousek, Jiri"]
[Result "1/2-1/2"]
[WhiteElo "2403"]
[BlackElo "2313"]
[PlyCount "88"]
[EventDate "2006.??.??"]
[EventType "corr"]
[SourceDate "2006.09.12"]

1. e4 e6 2. d4 d5 3. Nc3 Nf6 4. Bg5 Be7 5. e5 Nfd7 6. Bxe7 Qxe7 7. f4 O-O 8.
Nf3 c5 9. dxc5 Nc6 10. Qd2 Nxc5 11. O-O-O a6 12. Bd3 b5 13. Ne2 Nb4 14. Kb1 a5
15. Ned4 Nbxd3 16. cxd3 b4 17. Rc1 Bd7 18. h4 Rfc8 19. h5 Rab8 20. g4 Qe8 21.
h6 g6 22. f5 Bb5 23. Nxb5 Qxb5 24. Rhd1 Nd7 25. Rxc8+ Rxc8 26. fxe6 fxe6 27.
Qg5 Re8 28. Nh4 Kh8 29. Nf5 b3 30. Rc1 bxa2+ 31. Ka1 Qb4 32. Nd6 Rb8 33. Rc8+
Rxc8 34. Nxc8 Qf8 35. Kxa2 Nc5 36. d4 Nd3 37. Qf6+ Qxf6 38. exf6 Kg8 39. g5 e5
40. Ne7+ Kf7 41. Ka3 exd4 42. Nc6 Nc5 43. Nxd4 Ne4 44. Nf3 d4 1/2-1/2

[Event "6MCRV_F"]
[Site "?"]
[Date "2006.??.??"]
[Round "?"]
[White "Jirku, Jaroslav"]
[Black "Priesol, Daniel"]
[Result "1/2-1/2"]
[WhiteElo "2278"]
[BlackElo "2288"]
[PlyCount "46"]
[EventDate "2006.??.??"]
[EventType "corr"]
[SourceDate "2006.09.12"]

1. e4 e5 2. Nf3 Nf6 3. Nxe5 d6 4. Nf3 Nxe4 5. d4 d5 6. Bd3 Bd6 7. O-O O-O 8. c4
c6 9. cxd5 cxd5 10. Nc3 Nxc3 11. bxc3 Nd7 12. Bg5 Qc7 13. Qc2 h6 14. Bh4 Nb6
15. Rfe1 Nc4 16. Bxc4 dxc4 17. Bg3 Bxg3 18. hxg3 Bd7 19. Re3 Rae8 20. Ne5 f6
21. Nxd7 Qxd7 22. Rae1 Rxe3 23. Rxe3 Re8 1/2-1/2

[Event "6MCRV_F"]
[Site "?"]
[Date "2006.??.??"]
[Round "?"]
[White "Brousek, Jiri"]
[Black "Kuchta, Jiri"]
[Result "1/2-1/2"]
[WhiteElo "2313"]
[BlackElo "2240"]
[PlyCount "149"]
[EventDate "2006.??.??"]
[EventType "corr"]
[SourceDate "2006.09.12"]

1. d4 d5 2. Nf3 c6 3. c4 Nf6 4. Nc3 dxc4 5. e3 b5 6. a4 b4 7. Na2 e6 8. Bxc4 c5
9. O-O Nbd7 10. e4 Nxe4 11. Re1 Nd6 12. Ng5 Nxc4 13. Qf3 Nf6 14. Qxa8 h6 15.
Nf3 Qd7 16. Qb8 Bd6 17. Qb5 Qxb5 18. axb5 Nd5 19. Re4 f5 20. Re2 cxd4 21. Nxd4
Kf7 22. Rc2 Ne5 23. Bd2 Bd7 24. f4 Nd3 25. Nc1 Bc5 26. Rc4 Bxd4+ 27. Rxd4 Nxc1
28. Rxc1 Bxb5 29. Bxb4 g5 30. Bd6 gxf4 31. Bxf4 Kf6 32. Bd2 Rh7 33. Kf2 h5 34.
Rc5 a6 35. Bc3 Kg6 36. Rd2 Rd7 37. Kf3 Rb7 38. Rc8 Ne7 39. Rf8 Nd5 40. Be5 Bc6
41. Rg8+ Kh7 42. Rh8+ Kg6 43. Kf2 Rb3 44. Rg8+ Kh7 45. Rd8 Ne3 46. Bc3 Nd5 47.
Bd4 Nb4 48. Rd6 Bd5 49. Kg1 a5 50. Bc3 a4 51. Rd7+ Kg6 52. Rg7+ Kh6 53. Ra7 Na2
54. Bg7+ Kg6 55. Rxa4 Kxg7 56. Rxa2 Kf6 57. Ra3 Rb4 58. Rad3 Be4 59. Rd4 Rb3
60. g3 Bd5 61. Kf1 Kg5 62. Ke1 Kf6 63. Kd1 Be4 64. Kc1 Kg5 65. Rc4 Kg4 66. Rc3
Rb5 67. Rf2 Kg5 68. Rc8 Rb4 69. Rg8+ Kf6 70. Rh8 Kg5 71. Kd1 Rb5 72. Rd2 Rb4
73. Ke2 Rb3 74. Rc8 Bd5 75. Rh8 1/2-1/2

[Event "6MCRV_F"]
[Site "?"]
[Date "2006.??.??"]
[Round "?"]
[White "Trs, Jan"]
[Black "Schwarz, Jan"]
[Result "1/2-1/2"]
[WhiteElo "2252"]
[BlackElo "2286"]
[PlyCount "50"]
[EventDate "2006.??.??"]
[EventType "corr"]
[SourceDate "2006.09.12"]

1. d4 e6 2. c4 b6 3. Nc3 Bb7 4. a3 Nf6 5. Nf3 d5 6. cxd5 Nxd5 7. Qc2 Nxc3 8.
bxc3 Nd7 9. e4 c5 10. Bd3 Bd6 11. O-O Qc7 12. Bg5 cxd4 13. cxd4 Qxc2 14. Bxc2
Rc8 15. Rfc1 f6 16. Bd2 Ke7 17. Bd3 Rxc1+ 18. Rxc1 Rc8 19. Rxc8 Bxc8 20. a4 e5
21. a5 bxa5 22. Bxa5 Bb7 23. Bd2 a6 24. Bc2 g6 25. Bc3 h6 1/2-1/2

[Event "6MCRV_F"]
[Site "?"]
[Date "2006.??.??"]
[Round "?"]
[White "Kuta, Jiri"]
[Black "Schwarz, Jan"]
[Result "1-0"]
[WhiteElo "2308"]
[BlackElo "2286"]
[PlyCount "84"]
[EventDate "2006.??.??"]
[EventType "corr"]
[SourceDate "2006.09.12"]

1. e4 c5 2. Nf3 d6 3. d4 cxd4 4. Nxd4 Nf6 5. Nc3 a6 6. Be3 e5 7. Nb3 Be7 8. f3
Be6 9. Qd2 Nbd7 10. g4 Nb6 11. g5 Nfd7 12. O-O-O Qc7 13. f4 exf4 14. Bxf4 Ne5
15. Nd4 Nbc4 16. Bxc4 Nxc4 17. Qd3 Qb6 18. b3 Ne5 19. Qg3 O-O 20. Nf5 Rfe8 21.
Nxe7+ Rxe7 22. Rd2 Rc8 23. Rhd1 Qa5 24. Kb2 b5 25. Rxd6 Ng6 26. R1d3 b4 27. Nd5
Bxd5 28. R6xd5 Qb6 29. Be3 Qb7 30. Qf2 Qb8 31. R3d4 Qa8 32. Qd2 a5 33. Rc4 Rce8
34. Bb6 Ne5 35. Rc7 Ng6 36. Bxa5 Rxe4 37. Rb5 Nf8 38. Qf2 R4e7 39. Rxe7 Rxe7
40. Bxb4 Re8 41. Bc3 Ne6 42. Qg3 Nf8 1-0

[Event "6MCRV_F"]
[Site "?"]
[Date "2006.??.??"]
[Round "?"]
[White "Sykora, Josef"]
[Black "Valak, Alois"]
[Result "1/2-1/2"]
[WhiteElo "2374"]
[BlackElo "2354"]
[PlyCount "86"]
[EventDate "2006.??.??"]
[EventType "corr"]
[SourceDate "2006.09.12"]

1. c4 e5 2. Nc3 Nf6 3. Nf3 Nc6 4. g3 Bb4 5. Bg2 O-O 6. O-O d6 7. Nd5 Bc5 8. d3
Nxd5 9. cxd5 Nd4 10. Nxd4 Bxd4 11. e3 Bb6 12. b4 a5 13. bxa5 Rxa5 14. a4 Bf5
15. Qc2 Ra7 16. Bd2 Qe7 17. a5 Rfa8 18. Rab1 Bxa5 19. Bxa5 Rxa5 20. Rxb7 Rc5
21. Qb3 f6 22. Rb1 Qe8 23. h3 Bg6 24. Rb4 Rca5 25. Rb2 Qc8 26. Qc2 Bf5 27. Kh2
Bg6 28. f4 R5a6 29. Rc4 R6a7 30. e4 Rb8 31. d4 exd4 32. Rxd4 Rab7 33. Rxb7 Rxb7
34. Ra4 h6 35. Ra6 Qe8 36. Qa2 Kh7 37. Ra8 Rb8 38. Rxb8 Qxb8 39. Qe2 Qb3 40. h4
Qc3 41. h5 Be8 42. Qg4 Kg8 43. Qc8 Kf8 1/2-1/2

[Event "6MCRV_F"]
[Site "?"]
[Date "2006.??.??"]
[Round "?"]
[White "Pecka, Josef"]
[Black "Priesol, Daniel"]
[Result "1/2-1/2"]
[WhiteElo "2261"]
[BlackElo "2288"]
[PlyCount "66"]
[EventDate "2006.??.??"]
[EventType "corr"]
[SourceDate "2006.09.12"]

1. e4 e5 2. f4 exf4 3. Bc4 Nf6 4. Nc3 c6 5. Bb3 d5 6. exd5 Nxd5 7. Qh5 Be6 8.
Nxd5 Bxd5 9. Nf3 Bxb3 10. axb3 Bd6 11. O-O O-O 12. d4 Nd7 13. Qf5 g6 14. Qg5
Qf6 15. Qg4 Rfd8 16. c3 h5 17. Qh3 Nb6 18. Ne5 Bxe5 19. dxe5 Qxe5 20. Bxf4 Qe2
21. Be3 Qxb2 22. Bd4 Qxb3 23. Qe3 c5 24. Bxc5 Nd5 25. Qf3 Rd7 26. Bd4 Qc4 27.
g4 hxg4 28. Qxg4 Qc6 29. Rf3 f6 30. Re1 Rf8 31. Re6 Qa4 32. Re4 Qc6 33. Re6 Qa4
1/2-1/2

[Event "6MCRV_F"]
[Site "?"]
[Date "2006.??.??"]
[Round "?"]
[White "Brousek, Jiri"]
[Black "Jirku, Jaroslav"]
[Result "1/2-1/2"]
[WhiteElo "2313"]
[BlackElo "2278"]
[PlyCount "61"]
[EventDate "2006.??.??"]
[EventType "corr"]
[SourceDate "2006.09.12"]

1. d4 d5 2. Nf3 Nf6 3. e3 Bf5 4. Bd3 Bxd3 5. Qxd3 c6 6. O-O e6 7. b3 Bd6 8. Ba3
Bxa3 9. Nxa3 Qd6 10. Nb1 Nbd7 11. c4 O-O 12. Nc3 Rfe8 13. Rad1 Rad8 14. e4 dxe4
15. Nxe4 Nxe4 16. Qxe4 Nf6 17. Qc2 c5 18. dxc5 Qxc5 19. h3 b5 20. Rxd8 Rxd8 21.
Rd1 Rc8 22. Qe2 bxc4 23. bxc4 h6 24. Ne5 Ne8 25. Rd7 f6 26. Nf7 Qxc4 27. Qxc4
Rxc4 28. Rxa7 Rc7 29. Rxc7 Nxc7 30. Nd6 Kf8 31. Kf1 1/2-1/2

[Event "6MCRV_F"]
[Site "?"]
[Date "2006.??.??"]
[Round "?"]
[White "Bucek, Jiri"]
[Black "Hladecek, Miloslav"]
[Result "1/2-1/2"]
[WhiteElo "2354"]
[BlackElo "2306"]
[PlyCount "75"]
[EventDate "2006.??.??"]
[EventType "corr"]
[SourceDate "2006.09.12"]

1. e4 e6 2. d4 d5 3. Nc3 Nf6 4. e5 Nfd7 5. f4 c5 6. Nf3 Nc6 7. Be3 c4 8. Be2
Ne7 9. O-O Nf5 10. Qd2 Nb6 11. Bf2 Bd7 12. Rab1 Bb4 13. g4 Ne7 14. a3 Bxc3 15.
Qxc3 h5 16. g5 Ng6 17. Qe3 h4 18. Be1 a5 19. b3 Bc6 20. b4 a4 21. b5 Bd7 22.
Bb4 Nc8 23. c3 Nce7 24. Bxe7 Nxe7 25. Rb4 Ra5 26. Rfb1 Nf5 27. Qf2 Kf8 28. Bd1
h3 29. Bc2 Ne7 30. Kh1 Qe8 31. Rxa4 Rxb5 32. Rxb5 Bxb5 33. Rb4 Bc6 34. Qe1 g6
35. Kg1 Kg7 36. Kf2 Qg8 37. Qg1 Qh7 38. Qg4 1/2-1/2

[Event "6MCRV_F"]
[Site "?"]
[Date "2006.??.??"]
[Round "?"]
[White "Hladecek, Miloslav"]
[Black "Priesol, Daniel"]
[Result "1-0"]
[WhiteElo "2306"]
[BlackElo "2288"]
[PlyCount "53"]
[EventDate "2006.??.??"]
[EventType "corr"]
[SourceDate "2006.09.12"]

1. e4 e5 2. Nf3 Nf6 3. Nxe5 d6 4. Nf3 Nxe4 5. Qe2 Qe7 6. Nc3 Nxc3 7. dxc3 Nc6
8. Be3 Be6 9. Qb5 O-O-O 10. Qa4 Qe8 11. b4 b6 12. Bb5 Kb7 13. O-O Bd7 14. c4
Ne5 15. Nxe5 dxe5 16. Qa6+ Kb8 17. Rad1 Bxb5 18. Rxd8+ Qxd8 19. Qxb5 g6 20. a4
Bg7 21. c5 Qe8 22. c6 a6 23. Qxa6 Qxc6 24. a5 Qb7 25. Qc4 f5 26. Rd1 f4 27.
Bxb6 1-0

[Event "6MCRV_F"]
[Site "?"]
[Date "2006.??.??"]
[Round "?"]
[White "Bucek, Jiri"]
[Black "Trs, Jan"]
[Result "1-0"]
[WhiteElo "2354"]
[BlackElo "2252"]
[PlyCount "75"]
[EventDate "2006.??.??"]
[EventType "corr"]
[SourceDate "2006.09.12"]

1. e4 c6 2. d4 d5 3. e5 Bf5 4. Nf3 e6 5. Be2 c5 6. Be3 Qb6 7. Nc3 Qxb2 8. Qb1
Qb4 9. a3 Qxb1+ 10. Rxb1 c4 11. Rxb7 a6 12. Kd2 h6 13. Rhb1 Nc6 14. Nh4 Bh7 15.
Bg4 Nge7 16. f4 Nd8 17. Rc7 Rg8 18. a4 h5 19. Bh3 g6 20. Rb6 Rh8 21. Nf3 Nf5
22. a5 Ne7 23. Bf2 Bg8 24. Bh4 Rh6 25. Rd6 g5 26. Bxg5 Rh7 27. Rdd7 Ndc6 28. f5
exf5 29. Bf6 Rh6 30. Nxd5 Nxd5 31. Rxd5 Nd8 32. Ra7 Rb8 33. Rxd8+ Rxd8 34. Bxd8
Kxd8 35. d5 Bb4+ 36. c3 Bxa5 37. d6 Ke8 38. Ra8+ 1-0

[Event "6MCRV_F"]
[Site "?"]
[Date "2006.??.??"]
[Round "?"]
[White "Jirku, Jaroslav"]
[Black "Novak, Vratislav"]
[Result "1/2-1/2"]
[WhiteElo "2278"]
[BlackElo "2267"]
[PlyCount "67"]
[EventDate "2006.??.??"]
[EventType "corr"]
[SourceDate "2006.09.12"]

1. e4 c5 2. Nf3 d6 3. d4 cxd4 4. Nxd4 Nf6 5. Nc3 a6 6. Bg5 e6 7. f4 Be7 8. Qf3
h6 9. Bh4 Qc7 10. O-O-O Nbd7 11. Be2 O-O 12. Qg3 Nc5 13. Bf3 e5 14. fxe5 dxe5
15. Bxf6 Bxf6 16. Nd5 Qd8 17. Ne2 Be6 18. Nec3 b5 19. h4 Nd7 20. Ne3 Qa5 21.
Kb1 Nb6 22. Bg4 b4 23. Ncd5 Bxd5 24. Nxd5 Nxd5 25. exd5 Qc5 26. Bf3 a5 27. Be4
Ra6 28. Qe1 a4 29. g4 b3 30. cxb3 axb3 31. a3 Be7 32. g5 Rxa3 33. bxa3 Qxa3 34.
Qe2 1/2-1/2